ՀՀ Գիտությունների ազգային ակադեմիայի հիմնարար գիտական գրադարան  =   Fundamental Scientific Library of NAS RA

Ասկանիո : (Record no. 5107)

MARC details
000 -LEADER
fixed length control field 01130nam a2200253 a 4500
001 - CONTROL NUMBER
control field 000017221
003 - CONTROL NUMBER IDENTIFIER
control field AM-YEHGA
005 - DATE AND TIME OF LATEST TRANSACTION
control field 20250618070746.0
008 - FIXED-LENGTH DATA ELEMENTS--GENERAL INFORMATION
fixed length control field 981211s1980 ai |||||||||||||||||arm d
040 ## - CATALOGING SOURCE
Original cataloging agency AM-YeHGA
041 1# - LANGUAGE CODE
Language code of text/sound track or separate title arm
Language code of original rus
090 ## - LOCALLY ASSIGNED LC-TYPE CALL NUMBER (OCLC); LOCAL CALL NUMBER (RLIN)
-- 5146
100 1# - MAIN ENTRY--PERSONAL NAME
Personal name Դյումա, Ալեքսանդր (հայր)
Dates associated with a name 1802-1870
9 (RLIN) 40
245 10 - TITLE STATEMENT
Title Ասկանիո :
Remainder of title [Վեպ] /
Statement of responsibility, etc. Ալ. Դյումա; Ռուս. թարգմ.՝ Ա.Ս. Հայրապետյան; Խմբ.՝ Մ.Գ. Բերբերյան; Վերջաբ.՝ Տ. Վանովսկայա; Նկ.՝ Վ.Ք. Մանդակունի.
260 ## - PUBLICATION, DISTRIBUTION, ETC.
Place of publication, distribution, etc. Երևան :
Name of publisher, distributor, etc. Սովետական գրող,
Date of publication, distribution, etc. 1980.
300 ## - PHYSICAL DESCRIPTION
Extent 524 էջ ;
Dimensions 22 սմ.
600 14 - SUBJECT ADDED ENTRY--PERSONAL NAME
Personal name Չելլինի, Բենվենուտո
650 14 - SUBJECT ADDED ENTRY--TOPICAL TERM
Topical term or geographic name entry element Ֆրանսիական գրականություն
General subdivision Վեպ
700 1# - ADDED ENTRY--PERSONAL NAME
Personal name Հայրապետյան, Աիդա Սահակի,
Dates associated with a name 1926-
Relator term թարգմ.
Relationship trl
9 (RLIN) 2620
700 1# - ADDED ENTRY--PERSONAL NAME
Personal name Բերբերյան, Մ.Գ.
Relator term խմբ.
Relationship edt
700 1# - ADDED ENTRY--PERSONAL NAME
Personal name Վանովսկայա, Տ.
Relator term վերջաբ.
Relationship aft
700 1# - ADDED ENTRY--PERSONAL NAME
Personal name Մանդակունի, Վաղինակ Քրիստափորի,
Dates associated with a name 1929-1990
Relator term նկ.
Relationship art
9 (RLIN) 3402
942 ## - ADDED ENTRY ELEMENTS (KOHA)
Koha item type Գրքեր / Books
Source of classification or shelving scheme Universal Decimal Classification
Holdings
Withdrawn status Lost status Source of classification or shelving scheme Damaged status Not for loan Collection Home library Current library Date acquired Total checkouts Full call number Barcode Date last seen Price effective from Koha item type Public note
    Universal Decimal Classification     General Fundamental Scientific Library Fundamental Scientific Library 21/12/2016   AII/63471 220063471 21/12/2016 21/12/2016 Գրքեր / Books 30 Days Loan
    Universal Decimal Classification     General Fundamental Scientific Library Fundamental Scientific Library 21/12/2016   AII/63731 220063731 21/12/2016 21/12/2016 Գրքեր / Books 30 Days Loan


ՀՀ ԳԱԱ հիմնարար գիտական գրադարան
ՀՀ,Երևան 0019
Մարշալ Բաղրամյան 24/6
հեռախոս:(374-10) 52-47-50
Հետադարձ կապ

All site content, except where otherwise noted, is licensed under a
Creative Commons License